000 00718nam a22002297a 4500
999 _c16814
_d16814
003 OSt
005 20180412153601.0
008 180412b xxu||||| |||| 00| 0 eng d
020 _a9788122430158
040 _cKABU
050 _aHD 30.23
_b.S65 2011 C.1
100 _aSrivastava, U. K.
245 _aQuantitative techniques for managerial decisions:
_bconcepts, illustrations and problems/
_cU.K Srivastava, G. V. Shenoy and S.C. Sharma
250 _a3rd ed.
260 _aNew Delhi:
_bNew Age Techno press;
_c2011.
300 _axviii, 934p.
650 _aDecision making
_vMathematical modes
650 _aStatistical decision
700 _aShenoy, G. V.
700 _aSharma, S. C.
942 _2lcc
_cBK